000 00644nam a2200217Ia 4500
005 20241129111445.0
008 241129s9999||||xx |||||||||||||| ||und||
020 _a978-93-86125-77-4
037 _aTB
040 _aCRL
_beng
_cCRL
041 _aurd
_2urd
084 _aO168,3:g R0
_qCRL
100 _aFarooqi Shamsurrehman Au.
_9193474
245 0 _aSahiri, Shahi, Sahib Qirani: dastan Amir Hamza ka mutala
_cFarooqi Shamsurrehman Au.
260 _aDelhi, India
_bM. R. Publications
_c2020
300 _a560p.
365 _aINR
_b875
650 _aUrdu Fiction
_93298
942 _cTB
_hO168,3:g R0
999 _c1230556
_d1230556